រុក្ខវប្បកម្មនៅតំបន់ត្រូពិច Silviculture in the tropics (Record no. 9043)

000 -LEADER
fixed length control field 00363nam a22001217a 4500
040 ## - CATALOGING SOURCE
Transcribing agency HS
082 ## - DEWEY DECIMAL CLASSIFICATION NUMBER
Classification number 577
100 ## - MAIN ENTRY--AUTHOR NAME
Personal name វន មុនិន្ទ
245 ## - TITLE STATEMENT
Title រុក្ខវប្បកម្មនៅតំបន់ត្រូពិច Silviculture in the tropics
260 ## - PUBLICATION, DISTRIBUTION, ETC. (IMPRINT)
Place of publication RUA
Name of publisher វន​ មុនិន្ទ
Year of publication 1989
300 ## - PHYSICAL DESCRIPTION
Number of Pages 140p;
942 ## - ADDED ENTRY ELEMENTS (KOHA)
Koha item type សៀវភៅភាសាខ្មែរ
952 ## - LOCATION AND ITEM INFORMATION (KOHA)
Withdrawn status [LOCAL, KOHA] 0
952 ## - LOCATION AND ITEM INFORMATION (KOHA)
Withdrawn status [LOCAL, KOHA] 0
Holdings
Permanent Location Date acquired Koha item type Lost status Shelving location Barcode Current Location Full call number
Library Block C2016-08-23សៀវភៅភាសាខ្មែរ C172RUA045524Library Block C577 វន 1989 C172
Library Block C2016-08-24សៀវភៅភាសាខ្មែរ C174RUA034885Library Block C577 វន 1989 C174
មជ្ឈមណ្ឌលឯការនៃសាកលវិទ្យាល័យភូមិន្ទកសិកម្មចំការដូង

Powered by Koha